Exkluzívne: Elle No. 1 by Alcatel - Maličkosť pre ženy

Guardado en:
Detalles Bibliográficos
Autor principal: Kmeť, Vladimír
Formato: Capítulo de libro
Lenguaje:eslovaco
Etiquetas: Agregar Etiqueta
Sin Etiquetas, Sea el primero en etiquetar este registro!

MARC

LEADER 00000nla$a2200000$$$4500
001 0129162
005 20240502072501.1
041 0 |a slo 
044 |a SK 
245 1 0 |a Exkluzívne: Elle No. 1 by Alcatel - Maličkosť pre ženy  |c Vladimír Kmeť 
100 1 |a Kmeť, Vladimír